| 000 | 00636cam a2200217 a 4500 | ||
|---|---|---|---|
| 001 | sa 68011254 | ||
| 003 | DLC | ||
| 005 | 20260227112559.0 | ||
| 008 | 970906s1948 br ac b 000 0 bur | ||
| 010 | _asa 68011254 /SA/r98 | ||
| 040 |
_aDLC _cDLC _dDLC |
||
| 043 | _aa-br--- | ||
| 050 | 0 | 0 |
_aDS485.B88 _bT5 1948 |
| 100 | 0 |
_aSinʻʺ Monʻ, _cŪ, _d1898- |
|
| 245 | 1 | 0 |
_aBanʻdhula / _cŪʺ Sinʻʺ Monʻ reʺ saññ. |
| 260 |
_aRanʻkunʻ Mruiʹ : _bSanʻ toʻ chanʻʹ, _c1948. |
||
| 300 |
_a136 p. : _bill., ports. ; _c19 cm. |
||
| 500 | _aIn Burmese. | ||
| 504 | _aBibliography: p.12-13. | ||
| 600 | 0 | 0 |
_aBanʻdhula, _cMahā _d1782-1825. |
| 999 |
_c83813 _d83813 |
||